[Event "AGAG II"]
[Site "SchemingMind.com"]
[Date "2020.01.01"]
[Round "-"]
[White "emakis"]
[Black "JAHI"]
[Result "1/2-1/2"]
[WhiteCountry "GRE"]
[BlackCountry "INT"]
[WhiteElo "2011"]
[WhiteRD "117"]
[BlackElo "1914"]
[BlackRD "68"]
[GameID "449739"]

1. b3 e6 2. Bb2 d6 3. e4 d5 4. e5 a6 5. Nf3 a5 6. d4 Na6 7. c3 h6 8. Bd3 h5 9. Nbd2 Nh6 10. Nf1 Be7
11. Bc1 Bd7 12. a4 c6 13. Qe2 Qc7 14. Bg5 f6 15. Bg6+ Kd8 16. Bf4 Be8 17. Nh4 Nf7 18. exf6 Qxf4 19. fxe7+ Kxe7 20. g3 Qg5
21. Bf5 Nd8 22. f4 Qf6 23. Nd2 Kd7 24. Bd3 Nc7 25. Ndf3 Kc8 26. O-O Bf7 27. Ne5 Rh6 28. Rae1 Qe7 29. Qd2 Kb8 30. f5 Rf6
31. Qg5 Be8 32. Nhg6 Qa3 33. Rb1 exf5 34. Qxh5 Qd6 35. Rxf5 Rxg6 36. Qh8 Re6 37. Qxg7 Ra7 38. Qg5 c5 39. Qf4 Qe7 40. Rf1 Rb6
41. Bc2 Re6 42. c4 dxc4 43. d5 cxb3 44. Bxb3 Rb6 45. Bc2 Rb2 46. Rf2 Ra2 47. Rf6 Ra1+ 48. Kg2 Re1 49. Nc4 Re2 50. d6 Nde6
51. dxc7+ Nxc7 52. Rf8 Rxf2+ 53. Kxf2 Ra6 54. Bd1 Ka7 55. Rf5 Ne6 56. Qe5 Qd7 57. Qd5 Qg7 58. Nd6 Qh7= 59. Nxe8 Qxh2+= 60. Qg2 Qh7=
1/2-1/2

[Event "AGAG II"]
[Site "SchemingMind.com"]
[Date "2019.12.31"]
[Round "-"]
[White "JAHI"]
[Black "emakis"]
[Result "1-0"]
[WhiteCountry "INT"]
[BlackCountry "GRE"]
[WhiteElo "1932"]
[WhiteRD "67"]
[BlackElo "1969"]
[BlackRD "134"]
[GameID "449740"]

1. b3 e5 2. e3 Nf6 3. Bb2 Nc6 4. a3 d5 5. Bb5 Bd6 6. a4 O-O 7. Bxc6 bxc6 8. h3 Re8 9. h4 c5 10. Ne2 d4
11. h5 h6 12. f3 dxe3 13. dxe3 c4 14. Na3 cxb3 15. cxb3 Nd5 16. Nc4 Bb4+ 17. Kf2 Bc5 18. b4 Nxb4 19. Nxe5 Qf6 20. Rc1 Bxe3+
21. Kxe3 Rxe5+ 22. Bxe5 Qxe5+ 23. Kf2 Ba6 24. f4 Qf6 25. Kg3 Rd8 26. Qf1 Rd2 27. Qe1 Qd6 28. Ng1 Rd5 29. Qe8+ Kh7 30. Qxf7 Rg5+
31. Kh2 Bb7 32. Rc3 Rxg2+ 33. Kh3 Bd5 34. Qf5+ g6 35. Qe5 Qd7+ 36. f5 Nc6 37. Qf6 Ne7 38. Nf3 Rf2 39. hxg6+ Kg8 40. Rb1 Qxf5+
41. Qxf5 Nxf5 42. Rb8+ Kg7 43. Ne5
1-0

[Event "AGAG II"]
[Site "SchemingMind.com"]
[Date "2019.12.31"]
[Round "-"]
[White "emakis"]
[Black "Aleksandr Frenkel"]
[Result "0-1"]
[WhiteCountry "GRE"]
[BlackCountry "USA"]
[WhiteElo "2024"]
[WhiteRD "142"]
[BlackElo "2317"]
[BlackRD "76"]
[GameID "449741"]

1. b3 e5 2. Bb2 Nc6 3. e3 Nf6 4. d3 d5 5. Nd2 Bc5 6. h3 d4 7. e4 a5 8. a4 Be6 9. Ne2 Bb4 10. g3 g5
11. h4 Ng4 12. Ng1 Rg8 13. Qf3 Bc3 14. Rb1 Nb4 15. Kd1 Rf8 16. Bh3 h5 17. Bxc3 dxc3 18. Nc4 f5 19. Bxg4 hxg4 20. Qe3 fxe4
21. Qxe4 Rxf2 22. Ne2 gxh4 23. gxh4 g3 24. Qg6+ Bf7 25. Qxg3 Qf6 26. Nxe5 Bh5 27. Re1 O-O-O 28. Qh3+ Kb8 29. Ng4 Rxe2 30. Rxe2 Bxg4
31. Qxg4 Qf1+ 32. Re1 Rxd3+
0-1

[Event "AGAG II"]
[Site "SchemingMind.com"]
[Date "2019.12.31"]
[Round "-"]
[White "Aleksandr Frenkel"]
[Black "emakis"]
[Result "1-0"]
[WhiteCountry "USA"]
[BlackCountry "GRE"]
[WhiteElo "2317"]
[WhiteRD "76"]
[BlackElo "2024"]
[BlackRD "142"]
[GameID "449742"]

1. b3 e5 2. Bb2 Nc6 3. e3 Nf6 4. Bb5 Bd6 5. Na3 Na5 6. Be2 c6 7. c4 O-O 8. Nc2 b6 9. d4 Re8 10. Nf3 e4
11. Ne5 c5 12. O-O Nc6 13. f4 exf3 14. Bxf3 Bb7 15. Nxf7 Kxf7 16. dxc5 Bxc5 17. b4 Bxe3+ 18. Nxe3 Rxe3 19. Bd5+ Re6 20. Qd3 Nxb4
21. Bxe6+ dxe6 22. Qxh7 Kf8 23. Rxf6+ gxf6 24. Rf1 f5 25. Qxb7 Rc8 26. Qg7+ Ke8 27. Qg6+
1-0

[Event "AGAG II"]
[Site "SchemingMind.com"]
[Date "2019.12.31"]
[Round "-"]
[White "flyinduck"]
[Black "JAHI"]
[Result "1-0"]
[WhiteCountry "CAN"]
[BlackCountry "INT"]
[WhiteElo "2018"]
[WhiteRD "63"]
[BlackElo "1928"]
[BlackRD "71"]
[GameID "449743"]

1. b3 e6 2. Bb2 d6 3. g3 d5 4. Bg2 a6 5. Nf3 a5 6. a3 Na6 7. O-O h6 8. d3 h5 9. e4 h4 10. Nxh4 Rxh4
11. gxh4 Qxh4 12. Nd2 Bd6 13. Nf3 Qh7 14. Qe2 Kd8 15. e5 Be7 16. c4 Nh6 17. Nd4 c6 18. Bc3 Nc7 19. b4 a4 20. b5 Bd7
21. bxc6 bxc6 22. Rfb1 c5 23. Nb5 Nxb5 24. cxb5 Rb8 25. b6 Rb7 26. Ba5 Nf5 27. Bc3 Nh6 28. d4 cxd4 29. Bxd4 Bxa3 30. Qa6 Rb8
31. Qa7 Ng4 32. Qxb8+ Ke7 33. Rxa3 Qxb1+ 34. Bf1 Nxe5 35. Bxe5 f6 36. Ra1 Qb4 37. Bd6+ Qxd6 38. Qxd6+ Kxd6 39. Rb1 Bc8 40. b7 Bxb7
41. Rxb7 g6 42. Ra7 e5 43. Rxa4 Ke6 44. Bh3+ f5 45. Ra6+ Kf7 46. Rd6 e4 47. Rxd5 Ke6 48. Ra5 Kf6 49. f4 exf3 50. Kf2 Ke6
51. Kxf3 Kf6 52. Bxf5 gxf5 53. Kf4 Kg6 54. Ra6+ Kh5 55. Kxf5 Kh4 56. Rh6#
1-0

[Event "AGAG II"]
[Site "SchemingMind.com"]
[Date "2019.12.31"]
[Round "-"]
[White "JAHI"]
[Black "flyinduck"]
[Result "0-1"]
[WhiteCountry "INT"]
[BlackCountry "CAN"]
[WhiteElo "1914"]
[WhiteRD "68"]
[BlackElo "2006"]
[BlackRD "59"]
[GameID "449744"]

1. b3 e5 2. e3 d5 3. Bb2 Bd6 4. a3 Nf6 5. a4 O-O 6. h3 Re8 7. h4 d4 8. h5 h6 9. Na3 c6 10. Be2 Bc7
11. Nh3 Bf5 12. d3 dxe3 13. fxe3 e4 14. Kd2 exd3 15. cxd3 Ne4+ 16. Kc1 Nc5 17. d4 Ne4 18. Bd3 Na6 19. Rf1 Bh7 20. Nc2 c5
21. Qf3 Qe7 22. Bc4 Rf8 23. Bxa6 bxa6 24. Ba3 Bd6 25. Re1 Rfc8 26. dxc5 Bxc5 27. Bxc5 Rxc5 28. Ra2 Rac8 29. Qf4 Nc3 30. Rb2 Nd5
31. Qf2 Nb4 32. Kb1 Rxc2 33. Rxc2 Bxc2+ 34. Kc1 Nd3+ 35. Kd2 Nxf2 36. Nxf2 Qb4+ 37. Ke2 Bxb3 38. Nd3 Bc4 39. Kf3 Bxd3 40. Rb1 Qxb1
41. e4 Qf1+ 42. Ke3 Bxe4 43. Kxe4 Qxg2+ 44. Ke3 Rc3+ 45. Kd4 Qd2+ 46. Ke4 Re3+ 47. Kf4 Qf2+ 48. Kg4 Rg3+ 49. Kh4 Qh2#
0-1

[Event "AGAG II"]
[Site "SchemingMind.com"]
[Date "2019.12.31"]
[Round "-"]
[White "Aleksandr Frenkel"]
[Black "flyinduck"]
[Result "1-0"]
[WhiteCountry "USA"]
[BlackCountry "CAN"]
[WhiteElo "2317"]
[WhiteRD "76"]
[BlackElo "1991"]
[BlackRD "66"]
[GameID "449746"]

1. b3 e5 2. Bb2 d6 3. e3 Nf6 4. d4 exd4 5. exd4 Be7 6. Nf3 O-O 7. Be2 Bg4 8. h3 Bh5 9. O-O d5 10. Nbd2 Ne4
11. Nxe4 dxe4 12. Ne5 Bg6 13. Bc4 Nd7 14. Nxg6 hxg6 15. Bd5 Nf6 16. Bxb7 Rb8 17. Bc6 Qd6 18. d5 Qf4 19. Qc1 Qf5 20. c4 g5
21. Qe3 Bd6 22. Rae1 Bf4 23. Qxa7 Qh7 24. Ba3 g4 25. Bxf8 Rxf8 26. Re3 Qh6 27. Rfe1 gxh3 28. Rxh3
1-0

[Event "AGAG II"]
[Site "SchemingMind.com"]
[Date "2019.12.31"]
[Round "-"]
[White "JAHI"]
[Black "Aleksandr Frenkel"]
[Result "0-1"]
[WhiteCountry "INT"]
[BlackCountry "USA"]
[WhiteElo "1932"]
[WhiteRD "67"]
[BlackElo "2358"]
[BlackRD "78"]
[GameID "449747"]

1. b3 e5 2. e3 d5 3. Bb2 Bd6 4. a3 Nf6 5. a4 O-O 6. h3 c5 7. h4 d4 8. h5 h6 9. Na3 Bc7 10. Be2 Re8
11. Nh3 a6 12. d3 e4 13. Kd2 exd3 14. cxd3 Nd5 15. exd4 cxd4 16. Bxd4 Nc6 17. Bb2 Bxh3 18. gxh3 Nf4 19. Bf1 Ba5+ 20. Bc3 Bxc3+
21. Kxc3 Qd4+ 22. Kc2 Qxf2+ 23. Kb1 Nd5 24. Qc1 Re1 25. Qxe1 Qxe1+ 26. Kb2 Qc3+ 27. Kb1 Ncb4 28. Bg2 Qxb3+ 29. Kc1 Rc8+ 30. Kd2 Qb2+
31. Nc2 Rxc2+ 32. Ke1 Qxa1#
0-1

[Event "AGAG II"]
[Site "SchemingMind.com"]
[Date "2019.12.31"]
[Round "-"]
[White "Aleksandr Frenkel"]
[Black "JAHI"]
[Result "1-0"]
[WhiteCountry "USA"]
[BlackCountry "INT"]
[WhiteElo "2358"]
[WhiteRD "78"]
[BlackElo "1932"]
[BlackRD "67"]
[GameID "449748"]

1. b3 e6 2. Bb2 b6 3. e3 Bb7 4. Nf3 a6 5. d4 a5 6. Nc3 Bb4 7. a3 Bxc3+ 8. Bxc3 Na6 9. b4 c6 10. bxa5 bxa5
11. Rb1 Bc8 12. Qd2 a4 13. e4 d6 14. Ba5 Qd7 15. Bd3 Ne7 16. e5 d5 17. Qg5 g6 18. Qf6 Rf8 19. Ng5 Nc5 20. dxc5 Rxa5
21. Nxh7 Rg8 22. Qh4 Qd8 23. Nf6+ Kf8 24. Qh6+ Rg7 25. Rb8 Rxc5 26. O-O d4 27. Qh8+ Rg8 28. Nxg8 Nxg8 29. Ba6 Rxc2 30. Rxc8 Qxc8
31. Bxc8 Rc3 32. Bd7 Rxa3 33. f4 Rc3 34. Ra1 Rc5 35. Rxa4 Rc1+ 36. Kf2 Rc2+ 37. Kg3 Rc3+ 38. Kg4 Rc2 39. Ra8+ Ke7 40. Qh4+ g5
41. Qxg5+ Nf6+ 42. Qxf6+ Kxd7 43. Qd8#
1-0